[Event "VII Lorca Open 2018"]
[Site "Lorca"]
[Date "2018.12.28"]
[Round "5"]
[White "Bjerre, Jonas Buhl"]
[Black "Orantes Taboada, Francisco"]
[Result "1-0"]
[WhiteElo "2421"]
[BlackElo "2295"]
[Annotator "TA"]
[PlyCount "139"]
[EventDate "2018.12.26"]
[EventType "swiss"]
[EventCountry "ESP"]
[SourceTitle "playchess.com"]
[Source "ChessBase"]
[SourceQuality "1"]

{[%evp 27,139,52,60,43,75,36,38,23,20,18,45,8,14,18,27,36,45,8,3,0,75,71,70,66,59,46,63,0,0,-12,65,56,58,62,61,58,60,61,76,70,72,65,66,65,77,65,80,74,77,74,74,68,70,79,133,138,151,141,142,135,128,128,128,128,128,90,187,135,129,125,241,229,311,311,311,215,215,215,381,221,221,214,206,176,154,145,145,145,145,145,412,401,29936,29949,386,386,29959,29950,29954,29955,29945,12266,29971,29971,29985,29986,29986,29987,29987,29986,29992,29993,29993,29994]} 1. e4 c5 2. Nf3 Nc6 3. d4 cxd4 4. Nxd4 g6 5. c4 Bg7 6. Be3 Nf6 7. Nc3 O-O 8. Be2 d6 9. O-O Bd7 10. h3 Nxd4 11. Bxd4 Bc6 12. Qc2 {B38: Sicilian: Maroczy Bind with 5...Bg7 and 7...0-0} Nd7 (12... a5 13. Rad1 Nd7 14. Bxg7 Kxg7 15. Bg4 Ne5 16. c5 Nxg4 17. hxg4 Qc8 18. cxd6 Qxg4 19. dxe7 Rfe8 {1-0 (43) Cheparinov,I (2711)-Amin,B (2709) Zagreb 2018}) 13. Bxg7 Kxg7 14. b4 b6 {LiveBook: 5 Games} 15. Rfd1 f6 $146 ({Predecessor:} 15... Qc7 16. Rac1 Rac8 17. Qd2 Qb8 18. Bg4 Rfd8 19. Qg5 Kf8 {1-0 (29) Vozinaki,A (1954)-Karavitaki,A (1300) Chania 2018}) 16. Bf1 a5 17. Ne2 {[%cal Bc3e2,Be2d4,Bd4e6][%mdl 32]} Ne5 18. f4 Nf7 19. Nd4 Bd7 20. c5 bxc5 21. bxc5 {Hoping for f5.} Rc8 22. c6 {Strongly threatening Qc4.} e5 23. Qa4 Bxc6 (23... Bxh3 $1 $11 {remains equal.} 24. gxh3 exd4) 24. Ne6+ $16 Kg8 25. Qb3 $36 {[%mdl 2048] White is more active.} Qe8 26. Nxf8 {[#] Ne6 is the strong threat.} Ba4 $1 {[%cal Ra4b3]} 27. Qg3 (27. Qb7 $1 $14 Kxf8 28. Rdc1) 27... exf4 $11 28. Qh4 Kxf8 ({Black should play} 28... Bxd1 $11 29. Nxh7 Qa4 30. Qxf6 (30. Nxf6+ Kg7 $17) 30... Bh5) 29. Rdc1 $1 $14 Rxc1 30. Rxc1 Qxe4 {[#] White must now prevent ...Qe3+.} 31. Rc4 Qe3+ 32. Qf2 $1 Bd7 33. Rxf4 Qxf2+ 34. Kxf2 $16 {[%mdl 4096] Endgame KRB-KBN} Ke7 35. Rc4 {[%mdl 1024] White has compensation.} Kd8 36. Rd4 Kc7 37. Rd5 Kb6 38. Ke3 Bc6 39. Rd2 d5 40. Rf2 f5 (40... Kc5 $142) 41. Kd4 Nd6 42. g4 fxg4 43. hxg4 Ne4 44. Rh2 h5 45. gxh5 gxh5 46. Bd3 Nf6 (46... Nd6 $16 47. Rb2+ (47. Rxh5 Nb5+ 48. Ke5 Kc5 $16) 47... Kc7) 47. Rb2+ (47. Bg6 $18) 47... Kc7 48. Rf2 Ng4 (48... Ne8 $16 49. Rg2 h4) 49. Rf5 $18 Kb6 50. Rxh5 Nf2 51. Be2 Ne4 52. Bf3 Bb7 $2 (52... Nd6 53. Bxd5 Nb5+ 54. Kc4 Nd6+ 55. Kd3 Bd7) 53. Bxe4 (53. Rh6+ $142 Bc6 54. Bg4) 53... dxe4 {KR-KB} 54. Rg5 Bc6 55. Kc4 Be8 {intending ...Bf7+.} 56. a3 Bd7 57. Re5 Bc6 58. Re6 a4 $2 {[%mdl 8192]} (58... e3 $16 {is a better defense.} 59. Rxe3 Bb5+ 60. Kc3 Bc6) 59. Kb4 Kb7 (59... Kc7 $18 60. Kc5 Bb7) 60. Kc5 Bd7 61. Rxe4 Kc7 $2 (61... Ka6 $18 62. Rd4 Be8) 62. Re7 Kc8 63. Kb6 Kd8 64. Re4 Be8 65. Kc5 {White mates.} Bd7 66. Kd6 Kc8 67. Rc4+ Kd8 68. Rh4 Bb5 69. Rh8+ Be8 70. Rg8 {Precision: White = 80%, Black = 44%.} 1-0

[Event "VII Lorca Open 2018"]
[Site "Lorca"]
[Date "2018.12.28"]
[Round "5"]
[White "Arjun Kalyan"]
[Black "Ibarra Jerez, Jose Carlos"]
[Result "1/2-1/2"]
[WhiteElo "2406"]
[BlackElo "2558"]
[Annotator "TA"]
[PlyCount "54"]
[EventDate "2018.12.26"]
[EventType "swiss"]
[EventCountry "ESP"]
[SourceTitle "playchess.com"]
[Source "ChessBase"]
[SourceQuality "1"]

{[%evp 19,54,43,44,41,54,41,39,29,33,0,0,0,0,0,4,0,0,-14,-10,-8,0,0,0,0,0,0,25,26,34,31,31,31,68,31,39,45,45]} 1. e4 e5 2. Nf3 d6 3. d4 exd4 4. Nxd4 Nf6 5. Nc3 Be7 6. Be2 O-O 7. Bf4 {C41: Philidor Defence} Re8 8. Qd2 Nc6 (8... Bf8 9. f3 Nc6 10. O-O-O Nxd4 11. Qxd4 Be6 12. Kb1 Nd7 13. g4 a6 14. h4 b5 {0-1 (44) Grischuk,A (2750)-Rapport,R (2698) chess.com INT 2017}) 9. O-O-O Nxd4 10. Qxd4 Be6 {LiveBook: 9 Games} 11. f3 a6 12. g4 b5 $146 {[%cal Bb7b5,Bb5b4][%mdl 32]} ({Predecessor:} 12... Nd7 13. Be3 c5 14. Qd2 {1-0 (45) Haussernot,C (2016)-Todorova,M (2017) Archamps 2013}) 13. h4 c5 14. Qd2 b4 15. Nd5 Nxd5 16. exd5 Bd7 17. g5 Bb5 18. Rde1 Bf8 19. h5 Qd7 (19... Qa5 $5 20. Kb1 $8 c4 $11) 20. Bd3 $1 Rxe1+ 21. Rxe1 Bxd3 22. Qxd3 g6 23. h6 Qa4 24. Qc4 {White is slightly better.} Qd7 25. Bd2 Qb7 26. Qe4 Rc8 27. c4 a5 {Accuracy: White = 79%, Black = 57%.} 1/2-1/2

[Event "VII Lorca Open 2018"]
[Site "Lorca"]
[Date "2018.12.28"]
[Round "5"]
[White "Domingo Nunez, Alejandro"]
[Black "Terbe, Julianna"]
[Result "1-0"]
[WhiteElo "2404"]
[BlackElo "2272"]
[Annotator "NA"]
[PlyCount "83"]
[EventDate "2018.12.26"]
[EventType "swiss"]
[EventCountry "ESP"]
[SourceTitle "playchess.com"]
[Source "ChessBase"]
[SourceQuality "1"]
[TimeControl "5400+30"]

1. e4 {[%emt 0:00:00]} c5 {[%emt 0:00:00]} 2. Nf3 {[%emt 0:00:00]} Nc6 {[%emt 0:00:00]} 3. d4 {[%emt 0:00:00]} cxd4 {[%emt 0:00:00]} 4. c3 {[%emt 0:00:00]} dxc3 {[%emt 0:00:26]} 5. Nxc3 {[%emt 0:00:00]} e6 {[%emt 0:00:06]} 6. Bc4 {[%emt 0:00:00]} a6 {[%emt 0:00:03]} 7. O-O {[%emt 0:00:03]} b5 {[%emt 0:00:03]} 8. Bb3 {[%emt 0:00:04]} Bb7 {[%emt 0:00:23]} 9. a4 {[%emt 0:00:40]} b4 {[%emt 0:12:27]} 10. Nd5 {[%emt 0:00:03]} d6 {[%emt 0:01:10]} 11. a5 {[%emt 0:02:54]} exd5 {[%emt 0:16:10]} 12. exd5 {[%emt 0:00:37]} Ne5 {[%emt 0:00:09]} 13. Ba4+ {[%emt 0:07:36]} Nd7 {[%emt 0:02:25]} 14. Nd4 {[%emt 0:03:14]} Be7 {[%emt 0:10:53]} 15. Nf5 {[%emt 0:35:11]} Kf8 {[%emt 0:01:39]} 16. Qg4 {[%emt 0:00:59]} g6 {[%emt 0:14:49]} 17. Nxe7 {[%emt 0:00:23]} Ne5 {[%emt 0:06:31]} 18. Qd4 {[%emt 0:00:29]} Qxe7 {[%emt 0:05:15]} 19. f4 {[%emt 0:00:16]} f6 {[%emt 0:00:09]} 20. fxe5 {[%emt 0:00:10]} dxe5 {[%emt 0:00:05]} 21. Qb6 {[%emt 0:02:11]} Bxd5 {[%emt 0:03:25]} 22. Be3 {[%emt 0:02:26]} Qe6 {[%emt 0:04:38]} 23. Rad1 {[%emt 0:22:01]} Kf7 {[%emt 0:10:58]} 24. Rxd5 {[%emt 0:06:31]} Qxd5 {[%emt 0:00:36]} 25. Rd1 {[%emt 0:00:21]} Qc4 {[%emt 0:03:32]} 26. Rd7+ {[%emt 0:02:42]} Ne7 {[%emt 0:00:15]} 27. Rxe7+ {[%emt 0:00:23]} Kxe7 {[%emt 0:00:08]} 28. Bc5+ {[%emt 0:00:04]} Kf7 {[%emt 0:00:33]} 29. Qb7+ {[%emt 0:00:07]} Kg8 {[%emt 0:00:28]} 30. Qxa8+ {[%emt 0:00:11]} Kg7 {[%emt 0:00:01]} 31. Qb7+ {[%emt 0:02:21]} Kh6 {[%emt 0:01:33]} 32. Be3+ {[%emt 0:00:08]} g5 {[%emt 0:00:05]} 33. Qf3 {[%emt 0:07:31]} Rf8 {[%emt 0:03:16]} 34. Bb3 {[%emt 0:01:59]} Qc7 {[%emt 0:01:13]} 35. h4 {[%emt 0:00:15]} Kg7 {[%emt 0:00:55]} 36. Qg4 {[%emt 0:04:57]} h5 {[%emt 0:02:06]} 37. Qf5 {[%emt 0:00:30]} gxh4 {[%emt 0:01:26]} 38. Qxh5 {[%emt 0:00:33]} Rh8 {[%emt 0:00:20]} 39. Qg4+ {[%emt 0:00:04]} Kf8 {[%emt 0:00:10]} 40. Qg6 {[%emt 0:00:37]} Qe7 {[%emt 0:01:01]} 41. Bh6+ {[%emt 0:00:16]} Rxh6 {[%emt 0:00:01]} 42. Qg8# {[%emt 0:02:13]} 1-0

[Event "VII Lorca Open 2018"]
[Site "Lorca"]
[Date "2018.12.28"]
[Round "5"]
[White "Merario Alarcon, Andres"]
[Black "Solozhenkin, Evgeniy"]
[Result "1/2-1/2"]
[WhiteElo "2404"]
[BlackElo "2427"]
[Annotator "TA"]
[PlyCount "106"]
[EventDate "2018.12.26"]
[EventType "swiss"]
[EventCountry "ESP"]
[SourceTitle "playchess.com"]
[Source "ChessBase"]
[SourceQuality "1"]

{[%evp 19,106,0,0,0,0,0,29,20,20,27,35,35,35,35,35,30,33,33,31,41,41,36,36,35,61,37,27,32,41,24,12,12,14,14,16,20,10,0,16,0,0,0,0,0,0,0,0,-21,-18,-38,-32,-41,-39,-35,-9,-9,-20,-10,-10,-40,-45,-174,-12,-25,-8,-8,-8,-8,-8,-8,-8,-8,-8,-8,-8,-8,-8,-8,-8,-8,-8,-8,-8,-8,-8,-8,-8,-8,-8]} 1. d4 Nf6 2. c4 e6 3. Nf3 b6 4. g3 Ba6 5. Qc2 c5 6. d5 {E15: Queen's Indian: 4 g3 sidelines, 4 g3 Ba6 and 4 g3 Bb7 early deviations} exd5 7. cxd5 Bb7 (7... d6 8. Nc3 b5 9. e4 Qa5 10. b4 cxb4 11. Nxb5 Kd8 12. Nfd4 Bxb5 13. Bxb5 b3+ {1-0 (28) Grischuk,A (2752)-Mamedyarov,S (2762) Germany 2016}) 8. Bg2 Nxd5 9. O-O Be7 10. Rd1 Nc6 {LiveBook: 191 Games} 11. Qa4 (11. Rxd5 $2 Nb4 $17) 11... Nf6 12. Nh4 O-O 13. Nf5 d5 14. Nc3 {[%cal Rc3d5] [#]} Nd4 $1 {[%mdl 512]} 15. Nxd4 cxd4 16. Qxd4 {[#]} Bc5 $146 17. Qa4 Qe8 18. Qxe8 Rfxe8 19. e3 Red8 20. Bd2 Rac8 21. Be1 Bc6 22. Ne2 {[%cal Bc3e2,Be2f4,Bf4d3,Bd3e5,Be5d7][%mdl 32]} Ba4 23. b3 Bb5 24. Nf4 {[%cal Rf4d5]} d4 25. b4 Bf8 26. a4 Bc4 27. Bh3 Rb8 28. exd4 g5 29. Nd3 Rxd4 30. Ne5 Rxd1 31. Rxd1 Bb3 {[%mdl 64] [#] Double Attack} 32. Ra1 Re8 33. Nd7 Bg7 {...g4 is the strong threat.} 34. Bc3 Nd5 $36 {[%mdl 2048] White is under pressure.} 35. Bxg7 Kxg7 36. a5 Re4 37. axb6 axb6 38. b5 $1 Rb4 39. Ne5 Rxb5 40. Ra7 (40. Ra3 $15 Nc7 41. Bf1 Rxe5 42. Rxb3) 40... Nf6 $2 (40... Nc3 $19 41. Nxf7 Ra5 42. Rxa5 bxa5 43. Nxg5 a4 44. Ne6+ Kf6) 41. Nxf7 $1 $11 Ra5 42. Rxa5 {The position is equal.} bxa5 43. Nxg5 {[%mdl 4096] Endgame KBN-KBN} a4 44. Ne6+ Bxe6 45. Bxe6 {KB-KN} Ne4 46. Kf1 a3 47. Ke2 Kf6 48. Bc4 a2 {[%mdl 64] Decoy} 49. Bxa2 {And now Bb3 would win.} Nc3+ {[%mdl 64] Double Attack} 50. Ke3 {Black must now prevent Bc4.} Nxa2 51. f4 h5 {[%cal Bh7h5,Bh5g4][%mdl 32]} 52. Kf3 Nc3 53. g4 hxg4+ {Accuracy: White = 66%, Black = 79%.} 1/2-1/2

[Event "VII Lorca Open 2018"]
[Site "Lorca"]
[Date "2018.12.28"]
[Round "5"]
[White "Sabuk, Piotr"]
[Black "Bharath Subramaniyam H"]
[Result "1/2-1/2"]
[WhiteElo "2391"]
[BlackElo "2234"]
[Annotator "NA"]
[PlyCount "112"]
[EventDate "2018.12.26"]
[EventType "swiss"]
[EventCountry "ESP"]
[SourceTitle "playchess.com"]
[Source "ChessBase"]
[SourceQuality "1"]
[TimeControl "5400+30"]

1. d4 {[%emt 0:00:00]} Nf6 {[%emt 0:00:00]} 2. c4 {[%emt 0:00:42]} e6 {[%emt 1:31:00]} 3. Nf3 {[%emt 0:00:50]} c5 {[%emt 0:00:00]} 4. e3 {[%emt 0:00:45]} b6 {[%emt 0:00:00]} 5. Nc3 {[%emt 0:02:08]} Bb7 {[%emt 0:00:00]} 6. d5 {[%emt 0:00:59]} exd5 {[%emt 0:00:00]} 7. cxd5 {[%emt 0:00:19]} d6 {[%emt 0:00:00]} 8. e4 {[%emt 0:02:15]} a6 {[%emt 0:00:00]} 9. Bd3 {[%emt 0:02:54]} b5 {[%emt 0:00:00]} 10. O-O {[%emt 0:04:11]} Be7 {[%emt 0:00:00]} 11. Re1 {[%emt 0:07:32]} O-O {[%emt 0:00:00]} 12. a4 {[%emt 0:14:09]} b4 {[%emt 0:00:00]} 13. Nb1 {[%emt 0:03:42]} a5 {[%emt 0:00:00]} 14. Nbd2 {[%emt 0:00:25]} Nbd7 {[%emt 0:00:00]} 15. Nc4 {[%emt 0:01:07]} Nb6 {[%emt 0:00:00]} 16. e5 {[%emt 0:14:38]} Nfxd5 {[%emt 0:00:00]} 17. Nxd6 {[%emt 0:03:12]} Bc6 {[%emt 0:00:00]} 18. Qc2 {[%emt 0:06:33]} h6 {[%emt 0:00:00]} 19. Qxc5 {[%emt 0:05:26]} Qc7 {[%emt 0:00:00]} 20. b3 {[%emt 0:12:25]} Nd7 {[%emt 0:00:00]} 21. Qd4 {[%emt 0:00:52]} Bxd6 {[%emt 0:00:00]} 22. exd6 {[%emt 0:08:38]} Qxd6 {[%emt 0:00:00]} 23. Bb2 {[%emt 0:00:14]} N7f6 {[%emt 0:00:00]} 24. Ne5 {[%emt 0:02:47]} Rad8 {[%emt 0:00:00]} 25. Rac1 {[%emt 0:02:33]} Ba8 {[%emt 0:00:00]} 26. Qc5 {[%emt 0:00:44]} Nf4 {[%emt 0:00:00]} 27. Qxd6 {[%emt 0:00:49]} Rxd6 {[%emt 0:00:00]} 28. Bf1 {[%emt 0:00:09]} Bd5 {[%emt 0:00:00]} 29. Nc4 {[%emt 0:00:39]} Bxc4 {[%emt 0:00:00]} 30. Rxc4 {[%emt 0:01:26]} Nd3 {[%emt 0:00:00]} 31. Rd1 {[%emt 0:00:26]} Rfd8 {[%emt 0:00:00]} 32. Bxf6 {[%emt 0:01:11]} gxf6 {[%emt 0:00:00]} 33. Rc2 {[%emt 0:00:55]} Ne5 {[%emt 0:00:00]} 34. Rxd6 {[%emt 0:00:02]} Rxd6 {[%emt 0:00:00]} 35. Be2 {[%emt 0:00:50]} Rc6 {[%emt 0:00:00]} 36. Rxc6 {[%emt 0:00:23]} Nxc6 {[%emt 0:00:00]} 37. f4 {[%emt 0:00:42]} Kf8 {[%emt 0:00:00]} 38. Kf2 {[%emt 0:00:01]} Ke7 {[%emt 0:00:00]} 39. Ke3 {[%emt 0:00:02]} Kd6 {[%emt 0:00:00]} 40. Bc4 {[%emt 0:00:47]} Nd8 {[%emt 0:00:00]} 41. Ke4 {[%emt 0:00:06]} Ne6 {[%emt 0:00:00]} 42. Kf5 {[%emt 0:00:54]} Ke7 {[%emt 0:00:00]} 43. Bxe6 {[%emt 0:00:42]} fxe6+ {[%emt 0:00:00]} 44. Kg6 {[%emt 0:00:11]} e5 {[%emt 0:00:00]} 45. fxe5 {[%emt 0:01:11]} fxe5 {[%emt 0:00:00]} 46. Kf5 {[%emt 0:00:03]} Kd6 {[%emt 0:00:00]} 47. Ke4 {[%emt 0:00:48]} h5 {[%emt 0:00:00]} 48. g3 {[%emt 0:00:53]} Ke6 {[%emt 0:00:00]} 49. h3 {[%emt 0:00:23]} Kf6 {[%emt 0:00:00]} 50. Ke3 {[%emt 0:00:42]} Ke6 {[%emt 0:00:00]} 51. Kf3 {[%emt 0:00:34]} Kf5 {[%emt 0:00:00]} 52. Ke3 {[%emt 0:00:32]} Ke6 {[%emt 0:00:00]} 53. Ke4 {[%emt 0:00:27]} Kf6 {[%emt 0:00:00]} 54. Kd3 {[%emt 0:00:18]} Kf5 {[%emt 0:00:00]} 55. Ke3 {[%emt 0:00:27]} Ke6 {[%emt 0:00:00]} 56. Ke4 {[%emt 0:00:36]} Kf6 {[%emt 0:00:00]} 1/2-1/2

[Event "VII Lorca Open 2018"]
[Site "Lorca"]
[Date "2018.12.28"]
[Round "5"]
[White "Medarde Santiago, Luis Marcos"]
[Black "Pap, Misa"]
[Result "0-1"]
[WhiteElo "2386"]
[BlackElo "2480"]
[Annotator "TA"]
[PlyCount "82"]
[EventDate "2018.12.26"]
[EventType "swiss"]
[EventCountry "ESP"]
[SourceTitle "playchess.com"]
[Source "ChessBase"]
[SourceQuality "1"]

{[%evp 33,82,20,16,-5,-12,-12,-7,0,0,-114,-99,-112,-82,-86,-66,-89,-84,-125,-24,-108,-125,-149,-142,-233,-227,-257,-288,-292,-249,-435,-325,-380,-409,-507,-293,-285,-223,-358,-352,-368,-370,-379,-343,-331,-339,-582,-558,-747,-731,-29998,-29999]} 1. e4 e5 2. Nf3 Nc6 3. d4 exd4 4. Bc4 Nf6 5. e5 d5 6. Bb5 Ne4 7. Nxd4 Bd7 8. Bxc6 bxc6 9. O-O Bc5 10. f3 Ng5 11. f4 Ne4 12. Be3 Bb6 13. Nd2 c5 14. N4f3 Nxd2 15. Qxd2 d4 {C56: Two Knights: 4 d4 exd4 5 0-0 Nxe4} 16. Bf2 Bc6 17. Qd3 (17. a4 a5 18. f5 Qd5 19. Qg5 h6 20. Qxg7 O-O-O 21. Qf6 Rhg8 22. Bg3 c4 23. Kh1 {0-1 (38) Jones,G (2661)-L'Ami,E (2618) Wolvega 2014}) 17... Qd5 {LiveBook: 6 Games. The position is equal.} 18. Rfe1 c4 19. Qf1 c3 $146 ({Predecessor:} 19... O-O-O 20. a4 d3 21. a5 Bxf2+ 22. Qxf2 Kb8 23. cxd3 cxd3 {1-0 (49) Medarde Santiago,L (2350)-Zorko,J (2457) Katowice 2017}) 20. Reb1 O-O 21. b4 (21. bxc3 $11 dxc3 22. Rb3) 21... Ba4 22. Qe2 Bb5 $36 {[%mdl 2048] Keeping White busy.} 23. Qe1 a5 $1 {[%cal Ba7a5,Ba5b4][%mdl 32]} 24. a4 {[#] aiming for bxa5.} Bd7 $1 25. Rd1 {[%cal Rf2d4]} Bg4 ({Black should play} 25... axb4 $17 26. Bxd4 Bxd4+ 27. Rxd4 Qc5) 26. Qxc3 (26. bxa5 $11 {was the only way to keep the balance.} Bxf3 27. gxf3 Rxa5 28. Qe4) 26... axb4 $17 ({Much worse is} 26... dxc3 $6 27. Rxd5 Be6 28. Rb5 $14) 27. Qb3 {[#]} Rfd8 $1 28. Rab1 (28. h3 $17 {was called for.} Bxf3 29. gxf3) 28... c5 $19 29. Rd2 Bxf3 30. gxf3 Qc6 31. Bh4 $2 (31. e6 fxe6 32. Qc4) 31... Re8 {And now ...c4 would win.} 32. Rg2 Rxa4 33. Qd3 Bd8 34. Bxd8 Rxd8 35. Qf5 (35. f5 $142) 35... g6 36. Re1 Re8 37. Qg5 {and the idea f5 leaves White hopeful.} Ra3 38. f5 Rxf3 ({Less strong is} 38... Qxf3 39. e6 $17) 39. f6 $2 {[#]} (39. Rg4 Qd5 40. f6) 39... Qxf6 $1 {[%mdl 512]} 40. Ra1 (40. exf6 Rxe1#) 40... Qxe5 41. Qg4 {[#]} Qe1+ $1 {[%mdl 576] Back Rank. Accuracy: White = 19%, Black = 66%.} 0-1

[Event "VII Lorca Open 2018"]
[Site "Lorca"]
[Date "2018.12.28"]
[Round "5"]
[White "Domingo Nunez, Ruben"]
[Black "Montanes Arribas, Adrian"]
[Result "1-0"]
[WhiteElo "2383"]
[BlackElo "2242"]
[Annotator "NA"]
[PlyCount "69"]
[EventDate "2018.12.26"]
[EventType "swiss"]
[EventCountry "ESP"]
[SourceTitle "playchess.com"]
[Source "ChessBase"]
[SourceQuality "1"]
[TimeControl "5400+30"]

1. Nf3 {[%emt 0:00:06]} c5 {[%emt 0:05:24]} 2. e4 {[%emt 0:00:42]} d6 {[%emt 0:00:11]} 3. d4 {[%emt 0:00:04]} cxd4 {[%emt 0:00:12]} 4. Nxd4 {[%emt 0:00:02]} Nf6 {[%emt 0:00:20]} 5. Nc3 {[%emt 0:00:03]} a6 {[%emt 0:00:07]} 6. f3 {[%emt 0:00:05]} e5 {[%emt 0:00:07]} 7. Nb3 {[%emt 0:00:04]} Be6 {[%emt 0:00:27]} 8. Be3 {[%emt 0:00:04]} h5 {[%emt 0:00:16]} 9. Qd2 {[%emt 0:00:24]} Nbd7 {[%emt 0:00:16]} 10. O-O-O {[%emt 0:01:00]} Rc8 {[%emt 0:00:31]} 11. Kb1 {[%emt 0:01:02]} Be7 {[%emt 0:01:46]} 12. h4 {[%emt 0:07:32]} b5 {[%emt 0:03:13]} 13. Bg5 {[%emt 0:02:57]} Qc7 {[%emt 0:08:51]} 14. a3 {[%emt 0:01:22]} O-O {[%emt 0:17:07]} 15. g4 {[%emt 0:09:24]} Nb6 {[%emt 0:07:16]} 16. gxh5 {[%emt 0:20:18]} Nc4 {[%emt 0:08:39]} 17. Bxc4 {[%emt 0:00:49]} bxc4 {[%emt 0:00:07]} 18. Nc1 {[%emt 0:04:21]} Rb8 {[%emt 0:08:52]} 19. N1a2 {[%emt 0:13:02]} Qb7 {[%emt 0:04:30]} 20. Qc1 {[%emt 0:01:05]} Nxh5 {[%emt 0:09:33]} 21. Bxe7 {[%emt 0:12:34]} Qxe7 {[%emt 0:00:02]} 22. Nb4 {[%emt 0:00:01]} Rxb4 {[%emt 0:04:04]} 23. axb4 {[%emt 0:00:02]} Nf4 {[%emt 0:00:57]} 24. Qd2 {[%emt 0:02:14]} Rd8 {[%emt 0:01:22]} 25. Ne2 {[%emt 0:02:29]} c3 {[%emt 0:05:09]} 26. Nxc3 {[%emt 0:03:27]} Qb7 {[%emt 0:00:36]} 27. Na4 {[%emt 0:04:54]} Qb5 {[%emt 0:01:51]} 28. b3 {[%emt 0:02:05]} Bc4 {[%emt 0:04:16]} 29. Nc3 {[%emt 0:03:21]} Qxb4 {[%emt 0:00:06]} 30. Nd5 {[%emt 0:00:04]} Qxd2 {[%emt 0:02:25]} 31. Rxd2 {[%emt 0:00:39]} Bxd5 {[%emt 0:00:03]} 32. exd5 {[%emt 0:00:03]} f5 {[%emt 0:00:45]} 33. c4 {[%emt 0:00:04]} e4 {[%emt 0:01:12]} 34. fxe4 {[%emt 0:01:01]} fxe4 {[%emt 0:00:02]} 35. Re1 {[%emt 0:10:06]} 1-0

[Event "VII Lorca Open 2018"]
[Site "Lorca"]
[Date "2018.12.28"]
[Round "5"]
[White "Valmana Canto, Jaime"]
[Black "Korneev Leskova, Svyatoslav"]
[Result "1-0"]
[WhiteElo "2359"]
[BlackElo "2134"]
[Annotator "NA"]
[PlyCount "93"]
[EventDate "2018.12.26"]
[EventType "swiss"]
[EventCountry "ESP"]
[SourceTitle "playchess.com"]
[Source "ChessBase"]
[SourceQuality "1"]
[TimeControl "5400+30"]

1. e4 {[%emt 0:10:28]} e6 {[%emt 0:00:00]} 2. d4 {[%emt 0:00:10]} d5 {[%emt 0:00:00]} 3. Nc3 {[%emt 0:01:40]} Bb4 {[%emt 0:00:05]} 4. e5 {[%emt 0:00:07]} c5 {[%emt 0:00:04]} 5. a3 {[%emt 0:00:05]} Bxc3+ {[%emt 0:00:05]} 6. bxc3 {[%emt 0:00:08]} Qa5 {[%emt 0:00:05]} 7. Bd2 {[%emt 0:00:07]} Qa4 {[%emt 0:00:04]} 8. Qg4 {[%emt 0:01:10]} g6 {[%emt 0:01:51]} 9. Qf4 {[%emt 0:02:19]} c4 {[%emt 0:03:46]} 10. Nf3 {[%emt 0:01:56]} h6 {[%emt 0:06:29]} 11. Be2 {[%emt 0:04:59]} Nc6 {[%emt 0:01:28]} 12. O-O {[%emt 0:01:20]} Bd7 {[%emt 0:00:13]} 13. h4 {[%emt 0:16:03]} O-O-O {[%emt 0:05:58]} 14. Qxf7 {[%emt 0:09:45]} Nge7 {[%emt 0:00:08]} 15. Qf4 {[%emt 0:00:04]} Rdf8 {[%emt 0:01:01]} 16. Qg3 {[%emt 0:00:13]} Qxc2 {[%emt 0:05:02]} 17. Rfc1 {[%emt 0:04:20]} Qf5 {[%emt 0:02:40]} 18. Bd1 {[%emt 0:05:35]} Qf7 {[%emt 0:03:24]} 19. Bc2 {[%emt 0:06:35]} g5 {[%emt 0:14:10]} 20. hxg5 {[%emt 0:00:43]} hxg5 {[%emt 0:00:28]} 21. Nxg5 {[%emt 0:00:48]} Qh5 {[%emt 0:00:06]} 22. f4 {[%emt 0:00:54]} Qe2 {[%emt 0:02:04]} 23. Nf3 {[%emt 0:07:23]} Rfg8 {[%emt 0:00:13]} 24. Re1 {[%emt 0:00:02]} Rxg3 {[%emt 0:03:20]} 25. Rxe2 {[%emt 0:00:05]} Na5 {[%emt 0:03:00]} 26. Kf2 {[%emt 0:00:45]} Rg4 {[%emt 0:01:19]} 27. Rg1 {[%emt 0:06:56]} Nb3 {[%emt 0:00:27]} 28. Be3 {[%emt 0:00:12]} Rf8 {[%emt 0:02:02]} 29. g3 {[%emt 0:01:19]} Nf5 {[%emt 0:01:43]} 30. Nh2 {[%emt 0:01:27]} Rg7 {[%emt 0:01:21]} 31. g4 {[%emt 0:00:41]} Rh8 {[%emt 0:01:34]} 32. Nf3 {[%emt 0:02:12]} Nh6 {[%emt 0:00:06]} 33. Ng5 {[%emt 0:00:26]} Na5 {[%emt 0:01:17]} 34. Kg3 {[%emt 0:00:43]} Rhg8 {[%emt 0:02:27]} 35. Rh1 {[%emt 0:01:30]} Nf7 {[%emt 0:00:05]} 36. Nxf7 {[%emt 0:00:07]} Rxf7 {[%emt 0:00:13]} 37. Rh7 {[%emt 0:01:01]} Rff8 {[%emt 0:00:03]} 38. Reh2 {[%emt 0:00:23]} Nc6 {[%emt 0:00:07]} 39. R2h6 {[%emt 0:00:15]} Kd8 {[%emt 0:00:13]} 40. Rf6 {[%emt 0:00:27]} Ne7 {[%emt 0:00:29]} 41. Rxf8+ {[%emt 0:01:39]} Rxf8 {[%emt 0:00:01]} 42. f5 {[%emt 0:00:21]} Rg8 {[%emt 0:00:41]} 43. f6 {[%emt 0:00:52]} Nf5+ {[%emt 0:00:31]} 44. Bxf5 {[%emt 0:01:29]} exf5 {[%emt 0:00:04]} 45. f7 {[%emt 0:00:28]} Rxg4+ {[%emt 0:00:50]} 46. Kf3 {[%emt 0:00:02]} Ke7 {[%emt 0:00:12]} 47. Bh6 {[%emt 0:00:07]} 1-0